[Event "SN-2017-0-00863"]
[Site "LSS email"]
[Date "2017.07.04"]
[Round "?"]
[White "Popov, Misha"]
[Black "Lenz, Juergen"]
[Result "1-0"]
[WhiteElo "926"]
[BlackElo "1131"]
[PlyCount "29"]
[EventDate "2017.06.14"]
[EventType "tourn (corr)"]
[EventRounds "6"]
[EventCountry "GER"]
[SourceTitle "Corr 2022"]
[Source "ChessBase"]
[SourceDate "2021.10.24"]
[SourceVersion "1"]
[SourceVersionDate "2021.10.24"]
[SourceQuality "1"]

1. e4 d5 2. exd5 Qxd5 3. Qf3 Nf6 4. Nc3 Qxf3 5. Nxf3 c6 6. Bc4 Bf5 7. d3 e6 8. 0-0 Bd6 9. h3 h6 10. Be3 Nbd7 11. Nd4 Bh7 12. a3 Nb6 13. Bb3 Nbd5 14. Nxd5 Nxd5 15. Bxd5 1-0

[Event "SN-2017-0-00860"]
[Site "LSS email"]
[Date "2017.06.19"]
[Round "?"]
[White "Vontina, Maria"]
[Black "Popov, Misha"]
[Result "1-0"]
[WhiteElo "644"]
[BlackElo "926"]
[PlyCount "75"]
[EventDate "2017.06.06"]
[EventType "tourn (corr)"]
[EventRounds "6"]
[EventCountry "GER"]
[SourceTitle "Corr 2022"]
[Source "ChessBase"]
[SourceDate "2021.10.24"]
[SourceVersion "1"]
[SourceVersionDate "2021.10.24"]
[SourceQuality "1"]

1. e4 e5 2. Nf3 d6 3. d4 exd4 4. Nxd4 Nf6 5. Nc3 Be7 6. Be2 0-0 7. 0-0 c6 8. Be3 Nbd7 9. Nf5 Ne5 10. Nxe7+ Qxe7 11. f4 Ng6 12. Qd2 Nxe4 13. Nxe4 Qxe4 14. Bf3 Qe6 15. Rfe1 Qd7 16. c4 Ne7 17. b3 d5 18. cxd5 Nxd5 19. Bc5 b6 20. Bxf8 Kxf8 21. Rad1 Nf6 22. Qxd7 Bxd7 23. Rd6 Rc8 24. g4 Bxg4 25. Bxc6 h6 26. b4 Nh5 27. Rf1 Be2 28. Rf2 Bc4 29. b5 Nf6 30. Rfd2 Kg8 31. Rd8+ Rxd8 32. Rxd8+ Kh7 33. Ra8 Bxa2 34. Rxa7 Kg6 35. Rxa2 Kf5 36. Rf2 Nh5 37. Bd7+ Kf6 38. Bg4 1-0

[Event "SN-2017-0-00860"]
[Site "LSS email"]
[Date "2017.06.18"]
[Round "?"]
[White "Ducharme, Steven"]
[Black "Popov, Misha"]
[Result "1-0"]
[WhiteElo "825"]
[BlackElo "926"]
[PlyCount "103"]
[EventDate "2017.06.06"]
[EventType "tourn (corr)"]
[EventRounds "6"]
[EventCountry "GER"]
[SourceTitle "Corr 2022"]
[Source "ChessBase"]
[SourceDate "2021.10.24"]
[SourceVersion "1"]
[SourceVersionDate "2021.10.24"]
[SourceQuality "1"]

1. c4 g6 2. g3 Bg7 3. Bg2 Nf6 4. Nf3 c6 5. 0-0 0-0 6. Nc3 d6 7. b3 Bg4 8. Bb2 e5 9. h3 Bxf3 10. Bxf3 d5 11. e3 e4 12. Bg2 Na6 13. a3 Nc7 14. d3 dxc4 15. dxc4 Re8 16. Qxd8 Raxd8 17. Rad1 b5 18. Rxd8 Rxd8 19. Nxe4 Nxe4 20. Bxg7 Nd2 21. Bf6 Rc8 22. Rd1 Nxb3 23. Bxc6 bxc4 24. Rb1 Na5 25. Bd7 Ra8 26. Bc3 Nb3 27. Ba4 Nd5 28. Be1 Rb8 29. Kg2 Rb6 30. e4 Nf6 31. f3 h6 32. Rb2 Nh5 33. Bc3 a6 34. e5 Ng7 35. Bd4 Rb8 36. g4 Ne6 37. Be3 g5 38. Kg3 Nc7 39. Bc5 Ne6 40. Be3 Nc7 41. h4 gxh4+ 42. Kxh4 Kh7 43. g5 hxg5+ 44. Kxg5 Kg7 45. Bd7 Ne6+ 46. Bxe6 fxe6 47. f4 a5 48. f5 exf5 49. Kxf5 Kf7 50. e6+ Ke7 51. Bg5+ Kd6 52. Bf4+ 1-0

[Event "SN-2017-0-00860"]
[Site "LSS email"]
[Date "2017.06.18"]
[Round "?"]
[White "Popov, Misha"]
[Black "Lenz, Juergen"]
[Result "1-0"]
[WhiteElo "926"]
[BlackElo "1165"]
[PlyCount "57"]
[EventDate "2017.06.06"]
[EventType "tourn (corr)"]
[EventRounds "6"]
[EventCountry "GER"]
[SourceTitle "Corr 2022"]
[Source "ChessBase"]
[SourceDate "2021.10.24"]
[SourceVersion "1"]
[SourceVersionDate "2021.10.24"]
[SourceQuality "1"]

1. Nf3 Nf6 2. g3 d5 3. d4 Bf5 4. Bg2 e6 5. 0-0 h6 6. Bf4 c5 7. c3 Nc6 8. Na3 cxd4 9. Nxd4 Bxa3 10. Nxf5 exf5 11. bxa3 0-0 12. Rb1 Qd7 13. Qc2 Rfe8 14. Bh3 Ne4 15. f3 Nd6 16. Rfd1 Nc4 17. Bxf5 Qe7 18. Qd3 Rad8 19. a4 N6e5 20. Qd4 Qf6 21. Bh3 Ng6 22. Qxf6 gxf6 23. Rxb7 Rxe2 24. Bxh6 a5 25. Bf1 Rxa2 26. Bxc4 Rxa4 27. Rxd5 Rxd5 28. Bxd5 Ne5 29. f4 1-0

[Event "SN-2017-0-00859"]
[Site "LSS email"]
[Date "2017.06.15"]
[Round "?"]
[White "Pehl, Ferenc"]
[Black "Popov, Misha"]
[Result "1/2-1/2"]
[WhiteElo "951"]
[BlackElo "926"]
[PlyCount "89"]
[EventDate "2017.06.03"]
[EventType "tourn (corr)"]
[EventRounds "6"]
[EventCountry "GER"]
[SourceTitle "Corr 2022"]
[Source "ChessBase"]
[SourceDate "2021.10.24"]
[SourceVersion "1"]
[SourceVersionDate "2021.10.24"]
[SourceQuality "1"]

1. e4 c5 2. Nf3 Nc6 3. d4 cxd4 4. Nxd4 Nf6 5. Nxc6 bxc6 6. Bd3 e5 7. 0-0 Bc5 8. Bg5 h6 9. Bxf6 Qxf6 10. Nc3 0-0 11. a3 a5 12. Na4 Bd4 13. c3 Ba7 14. Qe2 d5 15. exd5 cxd5 16. h3 d4 17. c4 Bd7 18. Qc2 Rab8 19. Rab1 Qc6 20. b3 f5 21. Be2 e4 22. Bh5 d3 23. Qd2 Kh7 24. Nc3 g6 25. Bd1 Qc5 26. a4 e3 27. Qxe3 Qxe3 28. fxe3 Bxe3+ 29. Kh1 Bc6 30. Bf3 Bxf3 31. Rxf3 f4 32. g3 g5 33. gxf4 gxf4 34. Nd5 Rbe8 35. Rd1 d2 36. Kg2 Rg8+ 37. Kh2 Bg1+ 38. Kh1 Be3 39. Nf6+ Kh8 40. Nxg8 Rxg8 41. Rff1 f3 42. Kh2 Rg2+ 43. Kh1 Rg3 44. Kh2 Rg2+ 45. Kh1 1/2-1/2

[Event "RN-2017-0-01246"]
[Site "LSS email"]
[Date "2017.01.16"]
[Round "?"]
[White "Popov, Misha"]
[Black "Neumann, Otto"]
[Result "1-0"]
[WhiteElo "908"]
[BlackElo "1011"]
[PlyCount "35"]
[EventDate "2017.01.04"]
[EventType "tourn (corr)"]
[EventRounds "6"]
[EventCountry "GER"]
[SourceTitle "Corr 2022"]
[Source "ChessBase"]
[SourceDate "2021.10.24"]
[SourceVersion "1"]
[SourceVersionDate "2021.10.24"]
[SourceQuality "1"]

1. Nf3 c6 2. e4 d5 3. exd5 cxd5 4. d4 Nf6 5. Bb5+ Bd7 6. Bd3 e6 7. 0-0 Be7 8. c4 0-0 9. c5 a5 10. a4 b6 11. cxb6 Qxb6 12. Nc3 Nc6 13. Nb5 Kh8 14. Qe2 Nb4 15. Ne5 Bxb5 16. Bxb5 Ne4 17. Nd7 Qxd4 18. Be3 1-0

[Event "RN-2017-0-01246"]
[Site "LSS email"]
[Date "2017.01.16"]
[Round "?"]
[White "Strnad, Pavel"]
[Black "Popov, Misha"]
[Result "0-1"]
[WhiteElo "531"]
[BlackElo "908"]
[PlyCount "68"]
[EventDate "2017.01.04"]
[EventType "tourn (corr)"]
[EventRounds "6"]
[EventCountry "GER"]
[SourceTitle "Corr 2022"]
[Source "ChessBase"]
[SourceDate "2021.10.24"]
[SourceVersion "1"]
[SourceVersionDate "2021.10.24"]
[SourceQuality "1"]

1. b3 d5 2. Bb2 Nc6 3. e3 e5 4. Bb5 Bd6 5. d3 Nge7 6. Nf3 Bd7 7. Nc3 0-0 8. 0-0 a6 9. Bxc6 Bxc6 10. Qd2 f5 11. Rad1 Ng6 12. Rfe1 b5 13. a3 Bb7 14. Ne2 c5 15. c4 d4 16. exd4 cxd4 17. Ng5 Qe7 18. Bc1 h6 19. Nh3 b4 20. a4 Qc7 21. Ng3 e4 22. dxe4 Bxg3 23. fxg3 fxe4 24. Qxd4 Rad8 25. Qe3 Ne5 26. Rxd8 Rxd8 27. Qf4 Qc5+ 28. Be3 Qe7 29. Qf2 Nd3 30. Qe2 a5 31. Rd1 Bc6 32. Nf4 Ne5 33. Rxd8+ Qxd8 34. Qb2 Qd1+ 0-1

[Event "RN-2017-0-01246"]
[Site "LSS email"]
[Date "2017.01.16"]
[Round "?"]
[White "Tolnai, Rudolf"]
[Black "Popov, Misha"]
[Result "0-1"]
[WhiteElo "875"]
[BlackElo "908"]
[PlyCount "56"]
[EventDate "2017.01.04"]
[EventType "tourn (corr)"]
[EventRounds "6"]
[EventCountry "GER"]
[SourceTitle "Corr 2022"]
[Source "ChessBase"]
[SourceDate "2021.10.24"]
[SourceVersion "1"]
[SourceVersionDate "2021.10.24"]
[SourceQuality "1"]

1. e4 c5 2. Bc4 Nc6 3. a3 Nf6 4. d3 e6 5. Nf3 d6 6. c3 Be7 7. 0-0 0-0 8. b4 d5 9. exd5 exd5 10. Ba2 Be6 11. h3 cxb4 12. axb4 b5 13. Be3 Qc7 14. Nbd2 a5 15. bxa5 Rxa5 16. Nb3 Raa8 17. Nbd4 Nxd4 18. Bxd4 Nd7 19. Qc2 Bf6 20. Rab1 Rfb8 21. Rb4 Ne5 22. Bxe5 Bxe5 23. d4 Bd6 24. Rb2 b4 25. Rc1 Rxa2 26. Rxa2 b3 27. Qb2 bxa2 28. Qxa2 h6 0-1